Blow-up (Record no. 24690)

MARC details
000 -LEADER
campo de control de longitud fija 00838nam a2200241 i 4500
001 - NÚMERO DE CONTROL
campo de control 24690
003 - IDENTIFICADOR DE NÚMERO DE CONTROL
campo de control ES-MaACL
005 - FECHA Y HORA DE LA ÚLTIMA TRANSACCIÓN
campo de control 20251009172044.0
007 - CAMPO FIJO DE DESCRIPCIÓN FÍSICA--INFORMACIÓN GENERAL
campo de control de longitud fija t|
008 - DATOS DE LONGITUD FIJA--INFORMACIÓN GENERAL
campo de control de longitud fija 021218s1968 sp ||||1| spa d
100 1# - ENTRADA PRINCIPAL--NOMBRE DE PERSONA
Nombre de persona Antonioni, Michelangelo,
Fechas asociadas al nombre 1912-2007
9 (RLIN) 21990
245 10 - MENCIÓN DEL TÍTULO
Título Blow-up
Resto del título : ; Las amigas ; El grito ; La aventura /
Mención de responsabilidad, etc. Michelangelo Antonioni ; [Traductores: Antonio Elorza, J. M. Alonso Ibarrola ; revisión: Carmen martín Gaite].
260 ## - PUBLICACIÓN, DISTRIBUCIÓN, ETC.
Lugar de publicación, distribución, etc. Madrid :
Nombre del editor, distribuidor, etc. Alianza,
Fecha de publicación, distribución, etc. [1968]
300 ## - DESCRIPCIÓN FÍSICA
Extensión 393 p. ;
Dimensiones 18 cm.
700 1# - ENTRADA AGREGADA--NOMBRE PERSONAL
Nombre de persona Elorza, Antonio,
Fechas asociadas al nombre 1943-
9 (RLIN) 47089
700 1# - ENTRADA AGREGADA--NOMBRE PERSONAL
Nombre de persona Alonso Ibarrola, José Manuel.
9 (RLIN) 20343
700 1# - ENTRADA AGREGADA--NOMBRE PERSONAL
Nombre de persona Martín Gaite, Carmen,
Fechas asociadas al nombre 1925-2000
9 (RLIN) 77496
740 4# - ENTRADA AGREGADA--TÍTULO RELACIONADO/ANALÍTICO NO CONTROLADO
Título relacionado o analítico no controlado Las amigas.
740 3# - ENTRADA AGREGADA--TÍTULO RELACIONADO/ANALÍTICO NO CONTROLADO
Título relacionado o analítico no controlado El grito.
740 3# - ENTRADA AGREGADA--TÍTULO RELACIONADO/ANALÍTICO NO CONTROLADO
Título relacionado o analítico no controlado La aventura.
852 ## - LOCALIZACIÓN
Ubicación ES-MaACL
Número de control de estantería C-35330
Sublocalización o colección R.66326
Holdings
Estatus retirado Estado de pérdida Estado de daño No para préstamo Biblioteca de origen Biblioteca actual Ubicación en estantería Fecha de adquisición Fuente de adquisición Total de préstamos Signatura topográfica completa Código de barras Visto por última vez Precio de reemplazo Tipo de ítem Koha
        Biblioteca del Ateneo de Madrid Biblioteca del Ateneo de Madrid Depósito 2 17/01/2008     C-35330 1025457 23/02/2023 23/02/2023 Libro impreso